| 000 | 02365nam a2200217 4500 | ||
|---|---|---|---|
| 008 | s2004 fr fre u | ||
| 020 | _a9782866373948 | ||
| 040 | _aLB-BrCRDP | ||
| 082 | 1 |
_a373His.Géo _bHAG |
|
| 100 | 1 | _aHagnerelle, Michel | |
| 245 | 1 | 0 |
_aApprendre l'histoire et la géographie à l'école _bActes du colloque organisé à Paris les 12, 13 et 14 décembre 2002 _cMichel Hagnerelle |
| 260 |
_aParis _bCRDP Versailles _c2004 |
||
| 300 |
_a262 p. _c24 cm |
||
| 500 | _aSommaire. | ||
| 520 | _aUne à deux décennies après le colloque de Montpellier sur l'histoire (1984) et celui d'Amiens consacré à la géographie (1991), s'est tenu à Paris, du 12 au 14 décembre 2002, un colloque intitulé " Apprendre l'histoire et la géographie à l'École ".Cette manifestation, organisée dans le cadre du programme national de pilotage de la direction de l'Enseignement scolaire avec le concours du groupe histoire et géographie de l'inspection générale, a réuni pour la première fois à ce niveau des représentants des deux disciplines (universitaires, inspecteurs, formateurs et enseignants des premier et second degrés de toutes les académies) afin de mener une réflexion sur l'apprentissage de l'histoire et de la géographie à l'École.L'enjeu est de taille car la France est l'unique pays à assurer un enseignement suivi de ces deux disciplines, du cours préparatoire à l'enseignement supérieur, y compris dans les séries technologiques et professionnelles. Ce colloque a permis de dresser un état des lieux des deux disciplines résolument ancrées dans les sciences humaines et qui ont su se moderniser et s'adapter dans les contenus comme dans les pratiques.Il a aussi abordé des débats récents autour de la mémoire, de l'histoire du temps présent, de la mondialisation, de la question des territoires. Il a permis également de mener une réflexion sur la place des différents outils utilisés par les enseignants (cartes, documents, images, TICE, SIG. ), de réfléchir à la formation des enseignants et de faire émerger les grands chantiers scientifiques, didactiques et pédagogiques qui s'ouvrent pour l'enseignement de l'histoire et de la géographie. | ||
| 650 | 4 | _aHistoire | |
| 650 | 4 | _aGéographie | |
| 650 | 4 | _aEnseignement | |
| 942 | _cBK | ||
| 999 |
_c3055 _d3055 |
||